El aborto (Record no. 75968)
[ view plain ]
| 000 -LEADER | |
|---|---|
| campo de control de longitud fija | 00518nam a2200169 i 4500 |
| 001 - NÚMERO DE CONTROL | |
| campo de control | 75968 |
| 003 - IDENTIFICADOR DE NÚMERO DE CONTROL | |
| campo de control | ES-MaACL |
| 005 - FECHA Y HORA DE LA ÚLTIMA TRANSACCIÓN | |
| campo de control | 20230906172655.0 |
| 007 - CAMPO FIJO DE DESCRIPCIÓN FÍSICA--INFORMACIÓN GENERAL | |
| campo de control de longitud fija | t| |
| 008 - DATOS DE LONGITUD FIJA--INFORMACIÓN GENERAL | |
| campo de control de longitud fija | 040928s1972 sp ||||1| spa d |
| 100 1# - ENTRADA PRINCIPAL--NOMBRE DE PERSONA | |
| Nombre de persona | Grisez, Germain G. |
| 9 (RLIN) | 60085 |
| 245 13 - MENCIÓN DEL TÍTULO | |
| Título | El aborto |
| Resto del título | : mitos, realidades y argumentos / |
| Mención de responsabilidad, etc. | Germain G. Grisez ; [tradujo Luis Bittini]. |
| 260 ## - PUBLICACIÓN, DISTRIBUCIÓN, ETC. | |
| Lugar de publicación, distribución, etc. | [Salamanca : |
| Nombre del editor, distribuidor, etc. | Sígueme : |
| -- | Europa, |
| Fecha de publicación, distribución, etc. | 1972] |
| 300 ## - DESCRIPCIÓN FÍSICA | |
| Extensión | 717 p. ; |
| Dimensiones | 21 cm. |
| 700 1# - ENTRADA AGREGADA--NOMBRE PERSONAL | |
| Nombre de persona | Bittini, Luis. |
| 9 (RLIN) | 29031 |
| 852 ## - LOCALIZACIÓN | |
| Ubicación | ES-MaACL |
| Número de control de estantería | C-52061 |
| Sublocalización o colección | R.85250 |
| Estatus retirado | Estado de pérdida | Estado de daño | No para préstamo | Biblioteca de origen | Biblioteca actual | Ubicación en estantería | Fecha de adquisición | Fuente de adquisición | Total de préstamos | Signatura topográfica completa | Código de barras | Visto por última vez | Precio de reemplazo | Tipo de ítem Koha |
|---|---|---|---|---|---|---|---|---|---|---|---|---|---|---|
| Biblioteca del Ateneo de Madrid | Biblioteca del Ateneo de Madrid | Depósito 2 | 17/01/2008 | C-52061 | 1079507 | 23/02/2023 | 23/02/2023 | Libro impreso |
